000 00246nam a2200085Ia 4500
008 220204s9999 xx 000 0 und d
082 _a06.055.5:633.5
_bCOI
245 0 _aCoir Board. Report of the adhoc committee for coir yarn. 1955-1956
942 _cBK
999 _c22777
_d22777